Most commonly performed Pantomimes in the U.K. - Statistics

General Stats
  • This quiz has been taken 82 times
  • The average score is 6 of 11
Answer Stats
Pantomime % Correct
Cinderella
99%
Snow White and the Seven Dwarves
87%
Aladdin
85%
Sleeping Beauty
79%
Jack and the Beanstalk
73%
Peter Pan
61%
Dick Whittington
60%
Mother Goose
37%
Puss in Boots
33%
Robin Hood
31%
Sinbad
4%
No matching quizzes found
Score Distribution
Percent of People with Each Score
Percentile by Number Answered
Your Score History
You have not taken this quiz